000 00318nam a2200109 4500
999 _c13188
_d13188
008 190211b ||||| |||| 00| 0 eng d
245 _aWise spending allows young professional to get dream home.
260 _aDavao City
_bSun Star Davao
_cc2017
300 _apage 8.
650 0 _936872
_aInvestments.
942 _2ddc
_cPER